A Secondary Analysis of Smoking Among Rural and Urban Youth Using the Mtf Data Set

Gespeichert in:  
Bibliographische Detailangaben
VerfasserInnen: Sarvela, Paul D. (Verfasst von) ; Isberner, Fred R. (Verfasst von) ; Cronk, Christine E. (Verfasst von)
Medienart: Elektronisch Aufsatz
Sprache:Englisch
Veröffentlicht: 1997
In: The journal of school health
Jahr: 1997, Band: 67, Heft: 9, Seiten: 372-375
Online-Zugang: Volltext (lizenzpflichtig)
Verfügbarkeit prüfen: HBZ Gateway

MARC

LEADER 00000caa a22000002c 4500
001 1912697238
003 DE-627
005 20250126055046.0
007 cr uuu---uuuuu
008 241217s1997 xx |||||o 00| ||eng c
024 7 |a 10.1111/j.1746-1561.1997.tb07178.x  |2 doi 
035 |a (DE-627)1912697238 
035 |a (DE-599)KXP1912697238 
040 |a DE-627  |b ger  |c DE-627  |e rda 
041 |a eng 
084 |a 2,1  |2 ssgn 
100 1 |a Sarvela, Paul D.  |e VerfasserIn  |4 aut 
245 1 2 |a A Secondary Analysis of Smoking Among Rural and Urban Youth Using the Mtf Data Set 
264 1 |c 1997 
336 |a Text  |b txt  |2 rdacontent 
337 |a Computermedien  |b c  |2 rdamedia 
338 |a Online-Ressource  |b cr  |2 rdacarrier 
700 1 |a Isberner, Fred R.  |e VerfasserIn  |4 aut 
700 1 |a Cronk, Christine E.  |e VerfasserIn  |4 aut 
773 0 8 |i Enthalten in  |t The journal of school health  |d Kent, Ohio : ASHA, 1930  |g 67(1997), 9, Seite 372-375  |h Online-Ressource  |w (DE-627)341339407  |w (DE-600)2066647-0  |w (DE-576)273868314  |x 1746-1561  |7 nnas 
773 1 8 |g volume:67  |g year:1997  |g number:9  |g pages:372-375 
787 0 8 |i Forschungsdaten  |a Bachman, Jerald G.  |t Monitoring the Future: A Continuing Study of the Lifestyles and Values of Youth, 1992  |d [Erscheinungsort nicht ermittelbar] : [Verlag nicht ermittelbar], 1994  |w (DE-627)1840060891 
787 0 8 |i Forschungsdaten  |a Johnston, Lloyd D.  |t Monitoring the Future: A Continuing Study of the Lifestyles and Values of Youth, 1991  |d [Erscheinungsort nicht ermittelbar] : [Verlag nicht ermittelbar], 1993  |w (DE-627)1840061111 
787 0 8 |i Forschungsdaten  |a Bachman, Jerald G.  |t Monitoring the Future: A Continuing Study of the Lifestyles and Values of Youth, 1990  |d [Erscheinungsort nicht ermittelbar] : [Verlag nicht ermittelbar], 1993  |w (DE-627)1840050470 
787 0 8 |i Forschungsdaten  |a Johnston, Lloyd D.  |t Monitoring the Future: A Continuing Study of the Lifestyles and Values of Youth, 1989  |d [Erscheinungsort nicht ermittelbar] : [Verlag nicht ermittelbar], 1992  |w (DE-627)1840060026 
787 0 8 |i Forschungsdaten  |a Bachman, Jerald G.  |t Monitoring the Future: A Continuing Study of the Lifestyles and Values of Youth, 1988  |d [Erscheinungsort nicht ermittelbar] : [Verlag nicht ermittelbar], 1990  |w (DE-627)1840061057 
787 0 8 |i Forschungsdaten  |a Johnston, Lloyd D.  |t Monitoring the Future: A Continuing Study of the Lifestyles and Values of Youth, 1987  |d [Erscheinungsort nicht ermittelbar] : [Verlag nicht ermittelbar], 1989  |w (DE-627)1840061049 
787 0 8 |i Forschungsdaten  |a Bachman, Jerald G.  |t Monitoring the Future: A Continuing Study of the Lifestyles and Values of Youth, 1986  |d [Erscheinungsort nicht ermittelbar] : [Verlag nicht ermittelbar], 1988  |w (DE-627)1840061081 
787 0 8 |i Forschungsdaten  |a Johnston, Lloyd D.  |t Monitoring the Future: A Continuing Study of the Lifestyles and Values of Youth, 1985  |d [Erscheinungsort nicht ermittelbar] : [Verlag nicht ermittelbar], 1986  |w (DE-627)1840060999 
787 0 8 |i Forschungsdaten  |a Johnston, Lloyd D.  |t Monitoring the Future: A Continuing Study of the Lifestyles and Values of Youth, 1984  |d [Erscheinungsort nicht ermittelbar] : [Verlag nicht ermittelbar], 1985  |w (DE-627)1840060034 
787 0 8 |i Forschungsdaten  |a Johnston, Lloyd D.  |t Monitoring the Future: A Continuing Study of the Lifestyles and Values of Youth, 1983  |d [Erscheinungsort nicht ermittelbar] : [Verlag nicht ermittelbar], 1985  |w (DE-627)1840060042 
787 0 8 |i Forschungsdaten  |a Bachman, Jerald G.  |t Monitoring the Future: A Continuing Study of the Lifestyles and Values of Youth, 1982  |d [Erscheinungsort nicht ermittelbar] : [Verlag nicht ermittelbar], 1984  |w (DE-627)1840057254 
787 0 8 |i Forschungsdaten  |a Johnston, Lloyd D.  |t Monitoring the Future: A Continuing Study of the Lifestyles and Values of Youth, 1981  |d [Erscheinungsort nicht ermittelbar] : [Verlag nicht ermittelbar], 1984  |w (DE-627)1840057300 
787 0 8 |i Forschungsdaten  |a Bachman, Jerald G.  |t Monitoring the Future: A Continuing Study of the Lifestyles and Values of Youth, 1980  |d [Erscheinungsort nicht ermittelbar] : [Verlag nicht ermittelbar], 1984  |w (DE-627)1840061022 
787 0 8 |i Forschungsdaten  |a Johnston, Lloyd D.  |t Monitoring the Future: A Continuing Study of the Lifestyles and Values of Youth, 1979  |d [Erscheinungsort nicht ermittelbar] : [Verlag nicht ermittelbar], 1984  |w (DE-627)1840057289 
787 0 8 |i Forschungsdaten  |a Bachman, Jerald G.  |t Monitoring the Future: A Continuing Study of the Lifestyles and Values of Youth, 1978  |d [Erscheinungsort nicht ermittelbar] : [Verlag nicht ermittelbar], 1984  |w (DE-627)1840057297 
787 0 8 |i Forschungsdaten  |a Johnston, Lloyd D.  |t Monitoring the Future: A Continuing Study of the Lifestyles and Values of Youth, 1977  |d [Erscheinungsort nicht ermittelbar] : [Verlag nicht ermittelbar], 1984  |w (DE-627)1840057319 
787 0 8 |i Forschungsdaten  |a Bachman, Jerald G.  |t Monitoring the Future: A Continuing Study of the Lifestyles and Values of Youth, 1976  |d [Erscheinungsort nicht ermittelbar] : [Verlag nicht ermittelbar], 1984  |w (DE-627)1840057327 
856 4 0 |u https://doi.org/10.1111/j.1746-1561.1997.tb07178.x  |x Resolving-System  |z lizenzpflichtig  |3 Volltext  |7 1 
935 |a mkri 
951 |a AR 
ELC |a 1 
LOK |0 000 xxxxxcx a22 zn 4500 
LOK |0 001 4637662796 
LOK |0 003 DE-627 
LOK |0 004 1912697238 
LOK |0 005 20241217044951 
LOK |0 008 241217||||||||||||||||ger||||||| 
LOK |0 035   |a (DE-2619)ICPSR26866 
LOK |0 040   |a DE-2619  |c DE-627  |d DE-2619 
LOK |0 092   |o n 
LOK |0 852   |a DE-2619 
LOK |0 852 1  |9 00 
LOK |0 935   |a nacp 
LOK |0 939   |a 17-12-24  |b l01 
ORI |a SA-MARC-krimdoka001.raw